000 01175nam a2200349Ia 4500
001 dia_2661
003 CHAP
005 20230525125904.0
007 ta
008 220117s1983 mx ado fr 001 0 spa d
010 _a173179
020 _a968-26-0385-4
040 _cCHAP
_amxchpua
050 1 0 _aTP370
_b.E44 1983
082 0 0 _a664
_bE44 1983
_220
240 1 0 _aElements of food technology.
_lEspañol
245 1 0 _aElementos de tecnología de alimentos /
_ceditor Norman W. Desrosier ; traductora Cristina Sangines de Salinas
250 _a1a edición
264 _aMéxico :
_bContinental,
_c1983
300 _a783 páginas :
_bilustraciones, gráficas, tablas, diagramas, fotos
504 _aBibliografía: p. [733]-763
650 1 3 _aTecnología alimentaria
_9140140
650 1 3 _aProcesamiento de alimentos
_9147897
650 1 3 _aFood technology
_9148811
650 1 3 _aFood processing
_9147896
700 1 _aDesrosier, Norman W.
_932197
_eeditor
700 1 _aSangines de Salinas, Cristina
_9153320
_etraductora
901 _a664 E44 1983
902 _aM
905 _a5232271983 mx aimn8222223322spa16
942 _cLIBRO
_2ddc
999 _c173179
_d173179